| 000 | 00707nam a2200289Ia 4500 | ||
|---|---|---|---|
| 008 | 180803s9999 xx 000 0 und d | ||
| 020 | _a9780531071663 | ||
| 050 | _bH678 1996 | ||
| 100 | _aHo, Minfong | ||
| 245 | 0 | _aHush! : | |
| 245 | 2 | _ba Thai lullaby / | |
| 245 | 0 | _cby Minfong Ho ; pictures by Holly Meade. | |
| 260 | _aBroadway, New York : | ||
| 260 | _bScholastic, | ||
| 260 | _c1996 | ||
| 300 | _aunpaged : | ||
| 300 | _bcolored ; | ||
| 300 | _c26cm. | ||
| 500 | _a600 | ||
| 650 | _aLullabies, English -- | ||
| 650 | _aLullabies, English. | ||
| 650 | _aThailand -- | ||
| 650 | _xJuvenile poetry. | ||
| 650 | _xUnited States. | ||
| 700 | _aMeade, Holly. | ||
| 700 | _aTitle. | ||
| 999 |
_c358281 _d358281 |
||